Fibrosis y enfisema pulmonar... tiroides (Record no. 46592)

MARC details
000 -LEADER
campo de control de longitud fija 00719nam a2200181 i 4500
001 - NÚMERO DE CONTROL
campo de control 46592
003 - IDENTIFICADOR DE NÚMERO DE CONTROL
campo de control ES-MaACL
005 - FECHA Y HORA DE LA ÚLTIMA TRANSACCIÓN
campo de control 20230906161420.0
007 - CAMPO FIJO DE DESCRIPCIÓN FÍSICA--INFORMACIÓN GENERAL
campo de control de longitud fija t|
008 - DATOS DE LONGITUD FIJA--INFORMACIÓN GENERAL
campo de control de longitud fija 030331s1966 sp f |||| | spa d
111 2# - ENTRADA PRINCIPAL--NOMBRE DE CONGRESO/REUNIÓN
Nombre de congreso/reunión o jurisdicción como elemento de entrada Congreso Nacional de Medicina Interna (
Número del congreso/reunión o número de parte o sección 7º.
Fecha del congreso o de la firma del tratado 1966.
Sede del congreso/Lugar de la reunión Pamplona)
9 (RLIN) 544
245 10 - MENCIÓN DEL TÍTULO
Título Fibrosis y enfisema pulmonar... tiroides
Resto del título : ponencias y resúmenes de comunicaciones VII Congreso Nacional de Medicina Interna.
260 ## - PUBLICACIÓN, DISTRIBUCIÓN, ETC.
Lugar de publicación, distribución, etc. [Madrid :
Nombre del editor, distribuidor, etc. Sociedad Española de Medicina Interna,
Fecha de publicación, distribución, etc. 1966]
300 ## - DESCRIPCIÓN FÍSICA
Extensión 348 p., 8 p. de 3 lám., 3 lám ;
Dimensiones 24 cm.
650 04 - PUNTO DE ACCESO ADICIONAL DE MATERIA--TÉRMINO DE MATERIA
Término de materia o nombre geográfico como elemento de entrada Medicina interna-
Subdivisión de forma Congresos y asambleas.
9 (RLIN) 14926
710 2# - ENTRADA AGREGADA--NOMBRE DE ENTIDAD CORPORATIVA
Nombre de entidad corporativa o nombre de jurisdicción como elemento de entrada Sociedad Española de Medicina Interna.
9 (RLIN) 6737
852 ## - LOCALIZACIÓN
Ubicación ES-MaACL
Número de control de estantería C-32025
Holdings
Estatus retirado Estado de pérdida Estado de daño No para préstamo Biblioteca de origen Biblioteca actual Ubicación en estantería Fecha de adquisición Fuente de adquisición Total de préstamos Signatura topográfica completa Código de barras Visto por última vez Precio de reemplazo Tipo de ítem Koha
        Biblioteca del Ateneo de Madrid Biblioteca del Ateneo de Madrid Depósito 2 17/01/2008     C-32025 1049001 23/02/2023 23/02/2023 Libro impreso